| 000 | 00818nam a2200205 4500 | ||
|---|---|---|---|
| 001 | 506 | ||
| 005 | 20181127161551.0 | ||
| 008 | 870912s1971 nyua j 000 1 eng d | ||
| 020 | _a0064400026 (pbk.) | ||
| 100 | 1 |
_aWilder, Laura Ingalls, _d1867-1957. |
|
| 245 | 1 | 0 |
_aLittle house on the prairie / _cLaura Ingalls Wilder ; illustrated by Garth Williams. |
| 250 | _aNewly illustrated, uniform ed. | ||
| 260 |
_aNew York : _bHarper & Row, _c1971. |
||
| 300 |
_a334 p. : _bill. ; _c20 cm. |
||
| 500 | _a""A Harper Trophy book."" | ||
| 520 | _aA family travels from the big woods of Wisconsin to a new home on the prairie, where they build a house, meet neighboring Indians, sink a well, and fight a prairie fire. | ||
| 650 | 0 |
_aFamily _xFiction. |
|
| 650 | 0 |
_aFrontier and pioneer life _xFiction. |
|
| 700 | 1 | 0 | _aWilliams, Garth. |
| 999 |
_c385 _d385 |
||